000 01077cas a22003377a 4500
005 20220329142322.0
008 000620d br mr pernn 0 b1por d
010 _a81626
011 _a82598
035 _a93097
245 0 0 _aCoopercotia
260 0 _aSao Paulo, Brasil :
_bFundacao Coopercotia,
_c1940?
300 _av.
310 _aMensual
362 _av.27 n.247, 1970
590 _aBATCH-UPD
_b10
_c20130110
_lUCH01
_h0426
590 _aBATCH-UPD
_b10
_c20130410
_lUCH01
_h0102
590 _aBATCH-UPD
_b10
_c20130913
_lUCH01
_h2129
590 _aCONVERSION
_b10
_c20130109
_lUCH01
_h1345
650 1 4 _aAgricultura
_zBrasil
_xPublicaciones periódicas.
_91917
866 _av.23 n.200,203-204 (1966)
866 _av.24 n.215-217 (1967)
866 _av.25 n.220-221,223 (1968)
866 _av.25 n.225,227,230 (1968)
866 _av.26 n.232-233 (1969)
866 _av.27 n.244,246-253 (1970)
866 _av.28 n.255,257,260 (1971)
866 _av.29 n.268 (1972)
901 _aSE
905 _aLilia Sánchez G.
999 _c81626
_d81626